000 00673nam a2200241 a 4500
005 20210219152941.0
008 991125n 000 0 spa u
035 _aUPN01000068423
100 _aMENDEZ BALDERAS, Rodolfo
222 _aEDUCACION MATEMATICA
245 _aLa computación en la formación de licenciados en educación primaria
260 _aMEXICO
300 _a36-42
362 _a1990 Vol. 2, no. 2, ago.
653 0 _aCOMPUTACION
653 0 _aEDUCACION PRIMARIA
653 0 _aEDUCACION SUPERIOR
653 0 _aFORMACION DE MAESTROS
653 0 _aLICENCIATURA
653 0 _aTECNOLOGIA EDUCATIVA
904 _aAC
_b006234
905 _aArticulo
999 _c64552
_d64552